书目信息 |
| 题名: |
周末皇牌大放送.想说忘记不容易
|
|
| 作者: | 许戈辉 主编 | |
| 分册: | ||
| 出版信息: | 北京 现代出版社 1999.9 |
|
| 页数: | 345页 | |
| 开本: | 32开 | |
| 丛书名: | 现代·凤凰丛书 | |
| 单 册: | ||
| 中图分类: | I235.2 | |
| 科图分类: | ||
| 主题词: | 戏剧文学--剧本--中国 | |
| 电子资源: | ||
| ISBN: | 7-80028-537-5 | |
| 000 | 00669nam0 2200217 45 | |
| 001 | 0103201624 | |
| 005 | 20031219104049.0 | |
| 010 | @a7-80028-537-5@dCNY20.00 | |
| 100 | @a20010320d1999 km y0chiy0120 ea | |
| 101 | 0 | @achi |
| 105 | @a z 000yy | |
| 200 | 1 | @a周末皇牌大放送.想说忘记不容易@AZhou Mo Huang Pai Da Fang Song.Xiang Shuo Wang Ji Bu Rong Yi@f许戈辉主编@FXu Ge Hui Zhu Bian |
| 210 | @a北京@c现代出版社@d1999.9 | |
| 215 | @a345页@d32开 | |
| 225 | @a现代·凤凰丛书 | |
| 410 | @12001 @a现代·凤凰丛书 | |
| 606 | 0 | @a戏剧文学@x剧本@y中国 |
| 690 | @aI235.2@v1 | |
| 701 | 0 | @a许戈辉@4主编 |
| 801 | @aCN@bTSTC@c20020429 | |
| 905 | @b295794-798@dI235.2@e111@f5 | |
| 周末皇牌大放送.想说忘记不容易/许戈辉主编.-北京:现代出版社,1999.9 |
| 345页;32开.-(现代·凤凰丛书) |
| ISBN 7-80028-537-5:CNY20.00 |
| ● |
| 相关链接 |
|
|
|
|
正题名:周末皇牌大放送·想说忘记不容易
索取号:I235.2/111
 
预约/预借
| 序号 | 登录号 | 条形码 | 馆藏地/架位号 | 状态 | 备注 |
| 1 | 0295794 | 002957946 | 第二借阅区/ [索取号:I235.2/111] | 在馆 | |
| 2 | 0295795 | 002957955 | 第二借阅区/ [索取号:I235.2/111] | 在馆 | |
| 3 | 0295796 | 002957964 | 第二借阅区/ [索取号:I235.2/111] | 在馆 | |
| 4 | 0295797 | 002957973 | 第二借阅区/ [索取号:I235.2/111] | 在馆 | |
| 5 | 0295798 | 002957982 | 第一样本阅览室/ [索取号:I235.2/111] | 在馆 | |
| 6 | 0309665 | 203096657 | 第二借阅区/ [索取号:I235.2/111] | 在馆 | |
| 7 | 0309666 | 203096666 | 第二借阅区/ [索取号:I235.2/111] | 在馆 | |
| 8 | 0309667 | 203096675 | 第二借阅区/ [索取号:I235.2/111] | 在馆 | |
| 9 | 0309668 | 203096684 | 第二借阅区/ [索取号:I235.2/111] | 在馆 | |
| 10 | 0309669 | 203096693 | 第二借阅区/ [索取号:I235.2/111] | 在馆 |